| 000 | 01286nam0a2200301 4500 | ||
|---|---|---|---|
| 001 | RU\NLR\bibl\1662670 | ||
| 005 | 20260405205024.0 | ||
| 010 |
_a978-5-89101-398-8 _910000 |
||
| 021 |
_aRU _b2010-52755 _93469 |
||
| 035 | _a(NLR Aleph) 001653952 | ||
| 090 |
_a939386 _c939386 |
||
| 100 | _a20100810d2010 |||y0rusy50 ca | ||
| 101 | 0 | _arus | |
| 102 | _aRU | ||
| 105 | _aa ||||||||| | ||
| 200 | 1 |
_aОбыкновенное чудо исцеления _eнепридуманные истории из жизни православного _fМихаил Макаров _g[Данилов Ставропигиал. мужской монастырь г. Москвы Рус. православ. церкви] |
|
| 210 |
_aМосква _cДаниловский благовестник _d2010 |
||
| 215 |
_a95, [1] с. _cил. _d17 |
||
| 606 | 1 |
_aПравославие _z20 - 21 вв. _92543166 _3RU\NLR\auth\661505429 |
|
| 686 | _aЭ372.24-374 | ||
| 700 | 1 |
_4070 _7ca _8rus _aМакаров _bМ. И. _cавтор мемуаров _f1906-2004 _gМихаил Иванович _975236 _3RU\NLR\auth\7792309 |
|
| 801 | 0 |
_aRU _bNLR _c20100810 _gRCR |
|
| 801 | 1 |
_aRU _bNLR _c20100810 |
|
| 830 | _aавт. по кн. | ||
| 942 | _cBOOK | ||
| 980 | _aNB | ||